000 00973nas a2200277 4500
001 BR0705955
003 BR-BrBNA
005 20231205111220.0
007 ta
008 230509b bl.|||p| |||| 00| 00por d
040 _aBR-BrBNA
_bpor
_cBiblioteca Nacional de Agricultura
041 _a(Pt)
072 _aL73; L70
100 1 _aIshizuka, M.M.
100 1 _aMiguel, O.
100 1 _aBrogliato, D.F.
245 1 _aTécnica de imunofluorescencia indireta para a avaliação de anticorpos anti-rábicos em soro de bovinos. 2- Estudo comparativo dos resultados da IFRA com os obtidos pela soroneutralização
650 _aSORO
650 _aANTICORPO
650 _aRAIVA
650 _aBOVINO
650 _aIMUNOFLUORESCENCIA
773 0 _tRevista da Faculdade de Medicina Veterinária e Zootecnia da Universidade de São Paulo (Brazil)
_xISSN 0303-7525
_g(1974), v. 11 p. 147-153
_wBR0705955
909 _a202311
_bLúcia
_c55
_dLúcia Elande
942 _2AGRIS
_n0
_cANA
999 _c191401
_d191401